हिंगलाज शक्तिपीठ (Record no. 22105)

MARC details
000 -LEADER
fixed length control field 00660 a2200205 4500
001 - CONTROL NUMBER
control field 144131
003 - CONTROL NUMBER IDENTIFIER
control field OSt
005 - DATE AND TIME OF LATEST TRANSACTION
control field 20260416142555.0
008 - FIXED-LENGTH DATA ELEMENTS--GENERAL INFORMATION
fixed length control field
020 ## - INTERNATIONAL STANDARD BOOK NUMBER
International Standard Book Number 9788192093208
082 ## - DEWEY DECIMAL CLASSIFICATION NUMBER
Classification number 294.52114
Item number L14H
100 1# - MAIN ENTRY--PERSONAL NAME
Personal name लखावत, ओंकार सिंह
245 1# - TITLE STATEMENT
Title हिंगलाज शक्तिपीठ
Statement of responsibility, etc By ओंकार सिंह लखावत
260 ## - PUBLICATION, DISTRIBUTION, ETC. (IMPRINT)
Place of publication, distribution, etc पुष्कर
Name of publisher, distributor, etc तीर्थ पेलेस प्रकाशक
Date of publication, distribution, etc 2011
300 ## - PHYSICAL DESCRIPTION
Extent 216p.
546 ## - LANGUAGE NOTE
Language note hindi
650 ## - SUBJECT ADDED ENTRY--TOPICAL TERM
Topical term or geographic name as entry element Hindu religion
653 ## - INDEX TERM--UNCONTROLLED
Uncontrolled term Religion; Hindu pilgrims and pilgrimages
942 ## - ADDED ENTRY ELEMENTS (KOHA)
Source of classification or shelving scheme Dewey Decimal Classification
Koha item type Books
Holdings
Withdrawn status Lost status Source of classification or shelving scheme Damaged status Not for loan Collection code Home library Current library Department Date acquired Source of acquisition Cost, normal purchase price Inventory number(Invoice/Date) Total Checkouts Full call number Barcode Date last seen Price effective from Koha item type
    Dewey Decimal Classification     General Text Book Central University Of Rajasthan Central University Of Rajasthan Culture and Media Studies 12/03/2014 Lokayat Prakashan 300.00 23190/15.10.13   294.52114 L14H 16421 21/11/2024 02/09/2020 Books